| 000 | 01009nam a2200277Ia 4500 | ||
|---|---|---|---|
| 001 | ebr10233178 | ||
| 003 | CaPaEBR | ||
| 006 | m u | ||
| 007 | cr cn||||||||| | ||
| 008 | 081008s2008 inua s 001 0 eng d | ||
| 020 | _z9780470262795 | ||
| 040 |
_aCaPaEBR _cCaPaEBR |
||
| 035 | _a(OCoLC)646752182 | ||
| 050 | 1 | 4 |
_aT385 _b.K397827 2008eb |
| 100 | 1 | _aKeller, Eric. | |
| 245 | 1 | 0 |
_aIntroducing ZBrush _h[electronic resource] / _cEric Keller. |
| 260 |
_aIndianapolis, Ind. : _bWiley Pub., _cc2008. |
||
| 300 |
_axx, 443, [9] p. : _bill. |
||
| 500 | _aIncludes index. | ||
| 533 |
_aElectronic reproduction. _bPalo Alto, Calif. : _cebrary, _d2009. _nAvailable via World Wide Web. _nAccess may be limited to ebrary affiliated libraries. |
||
| 630 | 0 | 0 | _aZBrush. |
| 650 | 0 | _aComputer graphics. | |
| 655 | 7 |
_aElectronic books. _2local |
|
| 710 | 2 | _aebrary, Inc. | |
| 856 | 4 | 0 |
_uhttp://site.ebrary.com/lib/rucke/Doc?id=10233178 _zAn electronic book accessible through the World Wide Web; click to view |
| 999 |
_c38063 _d38063 |
||